Efetividade dos direitos humanos trabalhistas : (Record no. 1309)
[ view plain ]
| 000 -LÍDER | |
|---|---|
| Campo Fixo de Controle | 00912nam a2200253 a 4500 |
| 001 - NÚMERO DE CONTROLE | |
| Campo de Controle | 1309 |
| 003 - IDENTIFICAÇÃO DO NÚMERO DE CONTROLE | |
| Campo de Controle | BR-CuiBMT |
| 005 - DATA E HORA DA ÚLTIMA ATUALIZAÇÃO | |
| Campo de Controle | 20231204224853.0 |
| 008 - DADOS FIXOS | |
| Dados Fixos | 231204s2007 spb 000 0 por d |
| 020 ## - INTERNATIONAL STANDARD BOOK NUMBER | |
| Nº do ISBN | 9788536110752 |
| 040 ## - AGÊNCIA CATALOGADORA | |
| Código da Agência Catalogadora | BR-CuiBMT |
| Agência que transcreveu o registro | BR-CuiBMT |
| 080 ## - Nº DA CLASSIFICAÇÃO DECIMAL UNIVERSAL | |
| Nº Class. CDU | 342.7:331 |
| Nº edição CDU | 2007 |
| 090 ## - NÚMERO DE CHAMADA | |
| Nº classificação | 342.7:331.101.21 |
| Cutter | P436e |
| 100 10 - ENTRADA PRINCIPAL -- AUTOR PESSOAL | |
| Nome pessoal | Pereira, Cícero Rufino |
| 245 ## - TÍTULO PRINCIPAL | |
| Título principal | Efetividade dos direitos humanos trabalhistas : |
| Subtítulo | o Ministério Público do Trabalho e o tráfico de pessoas : o Protocolo de Palermo, a Convenção n. 169 da OIT, o trabalho escravo, a jornada exaustiva / |
| Indicação de responsabilidade | Cícero Rufino Pereira. |
| 260 ## - PUBLICAÇÃO, DISTRIBUIÇÃO, ETC. | |
| Local de publicação | São Paulo : |
| Editora | LTR, |
| Data | 2007. |
| 300 ## - DESCRIÇÃO FÍSICA | |
| N. páginas ou volumes | 168 p. ; |
| Dimensões | 24 cm |
| 504 ## - NOTA DE BIBLIOGRAFIA, ETC. | |
| Nota de bibliografia | Inclui bibliografia. |
| 650 ## - ASSUNTO TÓPICO | |
| Cabeçalho tópico ou nome geográfico | Direito do trabalho |
| Subdivisão geográfica | Brasil |
| 650 ## - ASSUNTO TÓPICO | |
| Cabeçalho tópico ou nome geográfico | Justiça do trabalho |
| Subdivisão geográfica | Brasil |
| 650 ## - ASSUNTO TÓPICO | |
| Cabeçalho tópico ou nome geográfico | Direitos humanos |
| Subdivisão geográfica | Brasil |
| 650 ## - ASSUNTO TÓPICO | |
| Cabeçalho tópico ou nome geográfico | Direitos fundamentais |
| Subdivisão geográfica | Brasil |
| 942 ## - ELEMENTOS DE ENTRADA ADICIONAIS (KOHA) | |
| Fonte de classificação ou esquema de arquivamento | Classificação Decimal Universal |
| Tipo de item do Koha | Livros |
| Estado: removido | Estado: perdido | Fonte de classificação ou esquema de arquivamento | Estado: danificado | Indisponível para empréstimo | Localização permanente | Localização atual | Data de aquisição | Total Checkouts | Número de Chamada completo | Código de barras | Date last seen | Número do exemplar | Preço efetivo a partir de | Tipo de item (Koha) |
|---|---|---|---|---|---|---|---|---|---|---|---|---|---|---|
| Classificação Decimal Universal | Biblioteca da Escola Superior de Contas do TCE/MT | Biblioteca da Escola Superior de Contas do TCE/MT | 04/12/2023 | 342.7:331.101.21 P436e | BIBTCEMT23120151 | 04/12/2023 | Ex. 1 | 04/12/2023 | Livros |